000 00303nam a22001337a 4500
008 171108b xxu||||| |||| 00| 0 eng d
020 _a9780131901827
041 _aeng
080 _24TH
_a330.322
100 _a64
101 _aINV
245 _aMODERN INVESTMENT THEORY
_cHAUGEN,R.A
942 _2udc
_cBK
999 _c38202
_d38202